| 000 | 00799nam a2200229 a 4500 | ||
|---|---|---|---|
| 001 | 54101 | ||
| 003 | BD-RjUL | ||
| 005 | 20211209080055.0 | ||
| 008 | 161101s1974 bg ||||| |||| 00| 0 ben d | ||
| 020 | _c: TK.6.00 | ||
| 035 | _a(BD-RjUL)54223 | ||
| 040 |
_aBD-RjUL _bben _cBD-RjUL _dBD-RjUL |
||
| 041 | _aben | ||
| 082 |
_223 _a891.441 _bOBK 1974 |
||
| 100 |
_aওবায়দুল্লাহ, আবু জাফর _9122780 |
||
| 245 | 1 | 0 |
_aকমলের চোখ / _cআবু জাফর ওবায়দুল্লাহ |
| 260 |
_aঢাকা : _bসন্ধানী প্রকাশনী, _c১৯৭৪ |
||
| 300 |
_a৪৪ পৃ. ; _c২১ সেমি. |
||
| 650 |
_aবাংলা কবিতা _9161522 |
||
| 650 |
_aBengali Poetry _9161523 |
||
| 942 |
_2ddc _cBK |
||
| 999 |
_c54101 _d54101 |
||